Statistics for Teen Titans Team Quiz

Click here to take the quiz!

General Stats

  • This quiz has been taken 66 times
  • The average score is 14 of 32

Answer Stats

HintAnswer% Correct
Team LeaderRobin
100%
Daughter of TrigonRaven
98%
Green ShapeshifterBeast Boy
96%
Half Man Half MachineCyborg
96%
Radioactive RussianRed Star
96%
Alien PrincessStarfire
95%
Fish BoyAqualad
82%
Earth ManipulatorTerra
82%
Insect Themed GirlBumblebee
76%
Bow and Arrow UserSpeedy
75%
Flash's SidekickKid Flash
67%
Twin SpeedstersMas y Menos
49%
Wonder Woman's SisterWonder Girl
42%
Former Hive StudentJinx
40%
Blue Weather BrotherThunder
35%
Orange Weather BrotherLightning
33%
Mute Body SnatcherJericho
31%
Slade's DaughterRavager
27%
Crystal TransformerKole
24%
Mutant Hoofed AnimalWildebeest
24%
Hot-headed Fire BoyHot Spot
22%
CavemanGnark
20%
Cat Themed WrestlerPantha
20%
Interdimensional TrumpeterHerald
18%
Blanket Loving Tantrum KidTimmy Tantrum
15%
Goth New ZealanderArgent
13%
Japanese SwordsmanBushido
13%
Teddy Bear's CreatorMelvin
13%
Former Two's Baby BrotherTeether
13%
Fish Boy's PartnerTramm
11%
Giant Teddy BearBobby
9%
Electrokinetic Titan of Two WorldsKillowat
9%

Score Distribution

Percentile by Number Answered

Percent of People with Each Score

Your Score History

You have not taken this quiz